|
|
|
|
| LEADER |
00821nam a2200205 a 4500 |
| 001 |
28711 |
| 003 |
BD-DhAAL |
| 008 |
141222s2009 bg 000 0 eng d |
| 020 |
|
|
|a 98470020003900
|
| 040 |
|
|
|a BD-DhAAL
|c BD-DhAAL
|
| 082 |
0 |
0 |
|a 823/.01
|2 19
|
| 100 |
1 |
|
|a Twain, Mark,
|d 1835-1910.
|9 6921
|
| 245 |
1 |
4 |
|a Huckleberry Finn /
|c Mark Twain; with a detailed introduction by FBC editorial board.
|
| 260 |
|
|
|a Dhaka :
|b Friends' book corner,
|c 2009.
|
| 300 |
|
|
|a lix, 337 p. ;
|c 20 cm.
|
| 541 |
1 |
|
|e 28711
|
| 650 |
|
0 |
|a Short Stories
|x English
|9 6922
|
| 942 |
|
|
|2 ddc
|c BK
|
| 999 |
|
|
|c 33329
|d 33329
|
| 952 |
|
|
|0 0
|1 0
|2 ddc
|4 0
|6 823_010000000000000_TWA
|7 0
|9 44514
|a BRACUL
|b BRACUL
|c GEN
|d 2014-12-22
|e BRAC Institute of Language (BIL)
|l 5
|m 35
|o 823.01 TWA
|p 3010028711
|r 2025-10-15
|s 2025-10-09
|t 1
|w 2014-12-22
|y BK
|x Transferred from BIL to BRACUL on 06/06/22
|